Cuentos reunidos

保存先:
書誌詳細
第一著者: Lispector, Clarice (autora)
フォーマット: 不明
言語:英語
出版事項: Madrid, España. Siruela, 2008
主題:
タグ: タグ追加
タグなし, このレコードへの初めてのタグを付けませんか!

MARC

LEADER 00000 a2200000 4500
003 CL-VaPUC
005 20210913124804.0
008 200114b ||||| |||| 00| 0 eng d
999 |c 167666  |d 167664 
020 |a 8415937032 
040 |c Pontificia Universidad Católica de Valparaíso 
082 |a B869.03 LIS 2008 
100 |a Lispector, Clarice   |e autora  |9 269432 
245 |a Cuentos reunidos 
260 |a Madrid, España.  |b Siruela,  |c 2008 
583 |k Sandra Vasquez  |c 20200114 
650 0 0 |a Cuentos brasileños  |9 268434 
650 0 0 |a Literatura brasileña  |9 269433 
942 |2 ddc  |c BK 
952 |0 0  |1 0  |2 ddc  |4 0  |6 B_869_030000000000000_LIS_2008  |7 0  |8 A  |9 495879  |a BIBEDU  |b BIBEDU  |d 2020-01-08  |e 59  |g 24853.00  |i 5571871  |l 7  |m 4  |o  B869.03 LIS 2008   |p 5571871  |r 2025-04-14  |s 2025-04-01  |t 1  |v 24853.00  |w 2020-01-08  |y BK  |k LIT